000 00640nam a22002177a 4500
999 _c4754
_d4754
003 AR-CdUCM
008 190311b ||||| |||| 00| 0 spa d
040 _aMUNICIPALIDAD PROVINCIAL DEL CUSCO
_cBIBLIOTECA MUNICIPAL DEL CUSCO
041 _hrus
082 _a891.73 /
_bEH33
100 _aEhrenburg, Ilia
_914712
245 _aUn Escritor en la Revolución /
260 _aBarcelona :
_bMateu ;
_c1964.
300 _a270 páginas ;
_c18cm
505 _aContenido: Novela
650 _aSiglo XIX
_9971
650 _aLiteratura rusa
_99773
700 _aValiente, Antonio G. (traducción)
_914713
942 _2ddc
_cLIBROS
945 _anom